[Event "South America-ch"]
[Site "Lima"]
[Date "2023.09.17"]
[Round "4"]
[White "Tadeo Arontico, Jesus Raul"]
[Black "Ilasaca Gaona, Owen Hisahito"]
[Result "0-1"]
[WhiteElo "1316"]
[BlackElo "1566"]
[PlyCount "118"]
[EventDate "2023.09.14"]
[EventType "swiss"]
[EventRounds "9"]
[EventCountry "PER"]
[SourceTitle "CBM 216 Extra"]
[Source "ChessBase"]
[SourceDate "2023.11.30"]
[SourceVersion "1"]
[SourceVersionDate "2023.11.30"]
[SourceQuality "1"]

1. e4 c5 2. d4 cxd4 3. c3 dxc3 4. Nxc3 d6 5. Bc4 e6 6. Nf3 Be7 7. 0-0 Nc6 8. Qe2 e5 9. Rd1 Bg4 10. Be3 Nf6 11. h3 Bh5 12. Rd2 0-0 13. Rad1 Qc8 14. a3 h6 15. Rc2 Bxf3 16. Qxf3 Nd4 17. Bxd4 Qxc4 18. Be3 Qa6 19. Ne2 Qa4 20. Rdc1 Qxe4 21. Qxe4 Nxe4 22. Rc7 Bg5 23. Bxg5 Nxg5 24. Rxb7 Ne6 25. Rd1 Rfb8 26. Rxb8+ Rxb8 27. Rxd6 Rxb2 28. Ng3 Rb1+ 29. Kh2 Rb6 30. Rd5 Ra6 31. Rd3 Kf8 32. Rc3 Ke7 33. Ne2 Kd6 34. Rd3+ Kc6 35. Rc3+ Kd5 36. Rd3+ Nd4 37. g4 Rb6 38. Kg2 Rb3 39. Rxb3 Nxb3 40. Nc3+ Kc4 41. Ne4 Nd4 42. Nd6+ Kd5 43. Nxf7 Nc6 44. Nh8 a5 45. Ng6 a4 46. Kf3 Nd4+ 47. Ke3 Nc2+ 48. Kd3 Nxa3 49. Ne7+ Kc5 50. Kc3 Nb5+ 51. Kb2 Nd6 52. f3 e4 53. fxe4 Kd4 54. Nf5+ Nxf5 55. exf5 Ke4 56. h4 Kf4 57. g5 hxg5 58. f6 gxf6 59. h5 Kf5 0-1

[Event "PER-ch"]
[Site "Lima"]
[Date "2023.09.03"]
[Round "8"]
[White "Tadeo Arontico, Jesus Raul"]
[Black "Salazar Flores, Yerick Alexander"]
[Result "0-1"]
[WhiteElo "1316"]
[BlackElo "1692"]
[PlyCount "88"]
[EventDate "2023.08.29"]
[EventType "swiss"]
[EventRounds "9"]
[EventCountry "PER"]
[SourceTitle "CBM 216 Extra"]
[Source "ChessBase"]
[SourceDate "2023.11.30"]
[SourceVersion "1"]
[SourceVersionDate "2023.11.30"]
[SourceQuality "1"]

1. e4 e6 2. Nf3 d5 3. e5 c5 4. b4 cxb4 5. d4 Nc6 6. a3 bxa3 7. Bxa3 Bxa3 8. Nxa3 Qa5+ 9. Qd2 Qxd2+ 10. Kxd2 f6 11. Bb5 Nge7 12. c4 0-0 13. Bxc6 Nxc6 14. c5 fxe5 15. dxe5 Bd7 16. Rhb1 Na5 17. Nb5 Nc4+ 18. Kd3 Bxb5 19. Rxb5 b6 20. Ra6 h6 21. Ke2 Kf7 22. Nd4 Nxe5 23. cxb6 axb6 24. Rbxb6 Rxa6 25. Rxa6 Ng6 26. Ra7+ Kf6 27. g3 Re8 28. Ke3 Ne5 29. f3 Nc4+ 30. Kd3 Nd6 31. Rd7 Nc4 32. Ra7 Rb8 33. g4 Ne5+ 34. Ke3 Rb6 35. h4 Nc4+ 36. Kd3 g6 37. Rh7 e5 38. Nc2 Rb3+ 39. Ke2 d4 40. Ne1 Re3+ 41. Kf2 d3 42. Rd7 Re2+ 43. Kf1 Ne3+ 44. Kg1 Rxe1+ 0-1